[Event "Tunja Boyacense op"]
[Site "Tunja"]
[Date "2018.12.14"]
[Round "3"]
[White "Sanchez Huertas, Jorge Alfonso"]
[Black "Hernandez, Jeronimo"]
[Result "1-0"]
[WhiteElo "1621"]
[BlackElo "1893"]
[PlyCount "65"]
[EventDate "2018.12.13"]
[EventType "swiss"]
[EventRounds "7"]
[EventCountry "COL"]
[SourceTitle "CBM 187 Extra"]
[Source "ChessBase"]
[SourceDate "2018.11.04"]
[SourceVersion "1"]
[SourceVersionDate "2018.11.04"]
[SourceQuality "1"]

1. e4 c6 2. d4 d5 3. Bd3 dxe4 4. Bxe4 Nf6 5. Bf3 Bf5 6. Ne2 e6 7. 0-0 Bd6 8. Nbc3 Na6 9. a3 h6 10. Be3 0-0 11. Qd2 Nc7 12. Ng3 Bg4 13. Be4 Bxg3 14. fxg3 Nxe4 15. Nxe4 Bf5 16. Nc5 b6 17. Nd3 Nb5 18. Ne5 Rc8 19. Rad1 Nd6 20. c3 Ne4 21. Qc1 Qe7 22. Rde1 c5 23. d5 Qd6 24. Nc6 exd5 25. Nxa7 Rcd8 26. Rxf5 Qd7 27. Ref1 Qxa7 28. Bxh6 gxh6 29. Qxh6 Rd6 30. Qf4 Qe7 31. Re5 Qd7 32. Rd1 c4 33. Rxe4 1-0

[Event "COL-ch sf 2nd"]
[Site "Tunja"]
[Date "2018.04.20"]
[Round "7"]
[White "Cespedes Galindo, Estefania"]
[Black "Sanchez Huertas, Jorge Alfonso"]
[Result "1-0"]
[WhiteElo "1775"]
[BlackElo "1594"]
[PlyCount "67"]
[EventDate "2018.04.17"]
[EventType "swiss"]
[EventRounds "10"]
[EventCountry "COL"]
[SourceTitle "CBM 184 Extra"]
[Source "ChessBase"]
[SourceDate "2018.06.28"]
[SourceVersion "1"]
[SourceVersionDate "2018.06.28"]
[SourceQuality "1"]

1. d4 d5 2. Nf3 h6 3. Bf4 Nc6 4. e3 Bg4 5. Be2 Nf6 6. h3 Bf5 7. c4 e6 8. 0-0 Bd6 9. Ne5 Bxe5 10. dxe5 Nd7 11. cxd5 exd5 12. Qxd5 Nb4 13. Qxb7 Nc2 14. e6 Bxe6 15. Bxc7 Qc8 16. Qc6 Nxa1 17. Ba6 Bd5 18. Qxd5 Qxc7 19. Qxa8+ Qb8 20. Qxb8+ Nxb8 21. Bb5+ Ke7 22. Na3 a6 23. Ba4 Rd8 24. Rxa1 Rd2 25. Nc4 Rd5 26. Rd1 Rxd1+ 27. Bxd1 Nc6 28. Kf1 Nb4 29. a3 Nd3 30. b4 Ke6 31. Ke2 Ne5 32. Nxe5 Kxe5 33. Kf3 f5 34. Be2 1-0

[Event "COL-ch sf 2nd"]
[Site "Tunja"]
[Date "2018.04.19"]
[Round "5"]
[White "Cardozo Meza, Ferney Adan"]
[Black "Sanchez Huertas, Jorge Alfonso"]
[Result "1-0"]
[WhiteElo "1909"]
[BlackElo "1594"]
[PlyCount "39"]
[EventDate "2018.04.17"]
[EventType "swiss"]
[EventRounds "10"]
[EventCountry "COL"]
[SourceTitle "CBM 184 Extra"]
[Source "ChessBase"]
[SourceDate "2018.06.28"]
[SourceVersion "1"]
[SourceVersionDate "2018.06.28"]
[SourceQuality "1"]

1. e4 e5 2. Nf3 Nc6 3. Bc4 Nf6 4. Ng5 d5 5. exd5 Nxd5 6. Nxf7 Kxf7 7. Qf3+ Ke6 8. Nc3 Ncb4 9. Qe4 Bc5 10. 0-0 c6 11. a3 Na6 12. Re1 Bxf2+ 13. Kxf2 Qd6 14. d4 Rf8+ 15. Kg1 Rf5 16. Bf4 Nc5 17. dxc5 Qxc5+ 18. Kh1 Qf2 19. Bxe5 Kd7 20. Nxd5 1-0